000 00644nam a22001217a 4500
040 _cRUA
082 _aA214 ប្រាជ្ញ 2017​ C160 Or.1
100 _aប្រាជ្ញ វិជ័យ, ឯក លាភី
245 _aកំពូលមនុស្សដ៏អស្ចារ្យលើលោកទាំងជីវិតនិងអាជីវកម្ម, មនុស្សអស្ចារ្យរមែងគិត និយាយ ធ្វើ និងមានជីវិតប្លែកពីគេ
260 _aPHNOM PENH
_bRUA
_c2017
300 _a156p.
_bill.
_c29cm.
942 _cអភិវឌ្ឍន៍
999 _c25671
_d25671